000 01031nam a2200277Ia 4500
003 OSt
005 20221005103642.0
006 a|||||r|||| 00| 0
007 ta
008 221004b |||||||| |||| 00| 0 hin d
020 _a9789387145474 (hbk)
_cINR 325.00
024 _a42124
037 _bNKP/884/18-19, 16/03/2019, Nayee Kitab Prakashan
_cTextual
040 _aCRL
_cCRL
_bhin
041 _2hin
_ahin
082 _aO152,6N54x, Q8
100 _aशिशिर, कर्मेन्दु, ले.
245 0 _aकहानी के आसपास
246 _aKahānī ke āsapāsa
260 _aदिल्ली
_bअनन्य प्रकाशन भारत
_c2018
300 _a160पृ0
_ccm.
650 _a हिन्दी साहित्य
650 _aहिन्दी निबंध
942 _hO152,6N54x, Q8
_cTEXL
_2cc
999 _c1010512
_d1010512